Fichajes más caros de la historia Fútbol - Estadísticas

Estadísticas generales
  • Esta prueba ha sido intentada 1.049 veces
  • La puntuación promedio es 4 de 10
Estadísticas de respuestas
Hint Respuesta % Correcto
222M Neymar
99%
117M Cristiano Ronaldo
48%
180M Kylian Mbappé
41%
140M Ousmane Dembele
39%
135M Philippe Coutinho
36%
115M Eden Hazard
32%
127M Joao Félix
28%
120M Antoine Griezmann
26%
117,5M Jack Grealish
19%
113M Romelu Lukaku
16%
No se encontraron pruebas coincidentes
Distribución de puntuación
Porcentaje de gente con cada puntuación
Porcentaje por número respondido
Historial de tus puntuaciones
No has intentado esta prueba.